Vista normal Vista MARC

Entrada Topical Term

Número de registros utilizados en: 1

001 - CONTROL NUMBER

  • control field: 12756

003 - CONTROL NUMBER IDENTIFIER

  • control field: OSt

005 - DATE AND TIME OF LATEST TRANSACTION

  • control field: 20210106162725.0

008 - FIXED-LENGTH DATA ELEMENTS

  • fixed length control field: 210106|| aca||aabn | a|a d

040 ## - CATALOGING SOURCE

  • Original cataloging agency: OSt
  • Transcribing agency: OSt

150 ## - HEADING--TOPICAL TERM

  • Topical term or geographic name entry element: Muestreo (estadística)
  • General subdivision: mercadeo

670 ## - SOURCE DATA FOUND

  • Source citation: Work cat.: (OSt)6199: Fracica Naranjo, Germán, autor 12755, Guía para el diseño y desarrollo de un plan de muestreo aplicado a la investigación de mercados / , 2002